Đặc điểm thủy văn tỉnh An Giang
সংরক্ষণ করুন:
| প্রধান লেখক: | |
|---|---|
| বিন্যাস: | গ্রন্থ |
| ভাষা: | Undetermined |
| প্রকাশিত: |
An Giang
Uỷ Ban Khoa học Kỷ thuật An Giang
1985
|
| বিষয়গুলি: | |
| ট্যাগগুলো: |
ট্যাগ যুক্ত করুন
কোনো ট্যাগ নেই, প্রথমজন হিসাবে ট্যাগ করুন!
|
| Thư viện lưu trữ: | Trung tâm Học liệu Trường Đại học Cần Thơ |
|---|
| LEADER | 00554nam a2200181Ia 4500 | ||
|---|---|---|---|
| 001 | CTU_23613 | ||
| 008 | 210402s9999 xx 000 0 und d | ||
| 082 | |a 526.99 | ||
| 082 | |b Tr120 | ||
| 100 | |a Bùi, Đạt Trâm | ||
| 245 | 0 | |a Đặc điểm thủy văn tỉnh An Giang | |
| 245 | 0 | |c Bùi Đạt Trâm | |
| 260 | |a An Giang | ||
| 260 | |b Uỷ Ban Khoa học Kỷ thuật An Giang | ||
| 260 | |c 1985 | ||
| 650 | |a metereology,metereology - an giang | ||
| 904 | |i Liên, 980428 | ||
| 980 | |a Trung tâm Học liệu Trường Đại học Cần Thơ | ||